000
00205 a2200097 4500
001
41702
100
_a
Kilpatreck
245
_a
Expanding your SLR system
260
_a
_b
Collins
_c
090
_c
25829
_d
25829
942
_a
NUST-CAE
_c
M
_c
17590
999
_c
276775
_d
276775